| 000 | 00000nam 22000008a 4500 |
| 001 | 9.842064 |
| 003 | CaOODSP |
| 005 | 20221107152236 |
| 007 | cr ||||||||||| |
| 008 | 170915s1985 onc o f000 0 eng d |
| 040 | |aCaOODSP|beng |
| 043 | |an-cn--- |
| 086 | 1 |aR5-390/1985E-PDF |
| 100 | 1 |aReed, Janie. |
| 245 | 10|aIndian and Inuit of Canada |h[electronic resource] : |bdemographic factors : draft report / |cprepared by Janie Reed. |
| 260 | |a[Ottawa : |bIndian Affairs and Northern Development], |c1985. |
| 300 | |a141 p. |
| 500 | |a"March 7, 1985." |
| 500 | |aCover title. |
| 500 | |aDigitized edition from print [produced by Indigenous and Northern Affairs Canada]. |
| 504 | |aIncludes bibliographical references. |
| 520 | |a"The purpose of this report is to present an overview of the demographic characteristics of Canada's Indian and Inuit population."--Intro. |
| 692 | 07|2gccst|aAboriginal peoples |
| 692 | 07|2gccst|aInuit |
| 692 | 07|2gccst|aDemographic statistics |
| 710 | 1 |aCanada. |bIndian and Northern Affairs Canada. |
| 856 | 40|qPDF|s16.21 MB|uhttps://publications.gc.ca/collections/collection_2017/aanc-inac/R5-390-1985-eng.pdf |